Risk management and insurance

Salvato in:
Dettagli Bibliografici
Autore principale: Williams, C Arthur
Natura: Libro
Lingua:Undetermined
Pubblicazione: New York McGraw-Hill 1995
Soggetti:
Tags: Aggiungi Tag
Nessun Tag, puoi essere il primo ad aggiungerne! !
Thư viện lưu trữ: Trung tâm Học liệu Trường Đại học Cần Thơ
LEADER 00568nam a2200193Ia 4500
001 CTU_147
008 210402s9999 xx 000 0 und d
020 |b 790.000đ 
082 |a 658 
082 |b W723 
100 |a Williams, C Arthur 
245 0 |a Risk management and insurance 
245 0 |c C Arthur Williams, Michael L Smith 
260 |a New York 
260 |b McGraw-Hill 
260 |c 1995 
650 |a insurance,insurance, business,risk management 
904 |i Nguyễn Quang Điền, 961012 
980 |a Trung tâm Học liệu Trường Đại học Cần Thơ